01361nac a22003857a 4500001001000000003000900010005001700019008003400036040005400070072000800124090001900132100002000151100002200171100002300193100001900216110005800235245016000293260004000453300001000493490006100503500003500564650002000599650001400619650002100633650001200654650001300666650001100679650001700690650002000707650001900727909004700746942001700793999001900810952014600829BR7806277BR-BrBNA20240105114320.0230509b bl.|||m| |||| 00| 0 por d aBR-BrBNAbporcBiblioteca Nacional de Agricultura aK50 a3000 BR78062771 aFoelkel, C.E.B.1 aZvinakevicius, C.1 aAndrade, J.O.M. de1 aSilva, A.R. da1 aCelulose Nipo-Brasileira S.A., Belo Oriente, MG913541 aPotencialidade de algumas especies nativas como fornecedoras de madeira para producao de celulose [Piptadenia peregrina, Trema micrantha, arvore florestal]3 aBelo Oriente, MG (Brasil): c1978.  a12 p. aCENIBRA Pesquisa. Serie Materia-Prima (Brazil)vno. 72x a7 tables; 6 ref.; Summary (Pt) aANGICO VERMELHO aCRINDIUVA aARVORE FLORESTAL aMADEIRA aCELULOSE aCOCCAO aCLARIFICACAO aANALISE QUIMICA aANALISE FISICA a202312bLúcia Elandec55dLúcia Elande 2AGRISn0cMS c268640d268640 002AGRIS40708Acervo Gerala41918b41918cAGROBASEl0o3000 BR7806277p3000 BR7806277r2023-12-18yMSePortaria Interministerial nº 164/94